Electromagnetism (Record no. 240969)
[ view plain ]
| 000 -LEADER | |
|---|---|
| fixed length control field | 01628nam a22002177a 4500 |
| 003 - CONTROL NUMBER IDENTIFIER | |
| control field | St Aloysius Coll |
| 005 - DATE AND TIME OF LATEST TRANSACTION | |
| control field | 20260305181718.0 |
| 008 - FIXED-LENGTH DATA ELEMENTS--GENERAL INFORMATION | |
| fixed length control field | 260227b |||||||| |||| 00| 0 eng d |
| 020 ## - INTERNATIONAL STANDARD BOOK NUMBER | |
| International Standard Book Number | 9781009594653 |
| 040 ## - CATALOGING SOURCE | |
| Transcribing agency | AL |
| 041 ## - LANGUAGE CODE | |
| Language code of text/sound track or separate title | English |
| 082 ## - DEWEY DECIMAL CLASSIFICATION NUMBER | |
| Classification number | 537 |
| Item number | TONE |
| 100 ## - MAIN ENTRY--PERSONAL NAME | |
| Personal name | David Tong |
| 9 (RLIN) | 257118 |
| 245 ## - TITLE STATEMENT | |
| Title | Electromagnetism |
| Remainder of title | : lectures on theoretical physics Vol 2 |
| 260 ## - PUBLICATION, DISTRIBUTION, ETC. | |
| Place of publication, distribution, etc. | New York |
| Name of publisher, distributor, etc. | Cmbridge Univrsity Press |
| Date of publication, distribution, etc. | 2025 |
| 300 ## - PHYSICAL DESCRIPTION | |
| Extent | xii, 437p. |
| Other physical details | PB |
| Dimensions | 25x17.5cm |
| 365 ## - TRADE PRICE | |
| Source of price type code | General |
| Price type code | 6287 |
| Price amount | ₹2806.00 |
| Currency code | ₹ |
| Unit of pricing | ₹3507.00 |
| Price note | 20% |
| Price effective from | 24/02/2026 |
| 520 ## - SUMMARY, ETC. | |
| Summary, etc. | There are four forces in our universe. Two act only at the very smallest scales and one only at the very biggest. For everything in between, there is electromagnetism. The theory of electromagnetism is described by four gloriously simple and beautiful vector calculus equations known as the Maxwell equations. These are the first genuinely fundamental equations that we meet in our physics education, and they survive, essentially unchanged, in our best modern theories of physics. They also serve as a blueprint for what subsequent laws of physics look like. This textbook takes us on a tour of the Maxwell equations and their many solutions. It starts with the basics of electric and magnetic phenomena and explains how their unification results in waves that we call light. It then describes more advanced topics such as superconductors, monopoles, radiation, and electromagnetism in matter. The book concludes with a detailed review of the mathematics of vector calculus. |
| 650 ## - SUBJECT ADDED ENTRY--TOPICAL TERM | |
| Source of heading or term | Electricity and Electronics |
| Topical term or geographic name entry element | Physics |
| 9 (RLIN) | 257119 |
| 942 ## - ADDED ENTRY ELEMENTS (KOHA) | |
| Source of classification or shelving scheme | Dewey Decimal Classification |
| Koha item type | Book |
| Withdrawn status | Lost status | Source of classification or shelving scheme | Damaged status | Not for loan | Collection code | Home library | Current library | Date acquired | Source of acquisition | Cost, normal purchase price | Total Checkouts | Full call number | Barcode | Date last seen | Cost, replacement price | Price effective from | Koha item type |
|---|---|---|---|---|---|---|---|---|---|---|---|---|---|---|---|---|---|
| Dewey Decimal Classification | Physics | St Aloysius PG Library | St Aloysius PG Library | 02/27/2026 | Biblios Book Point | 2806.00 | 537 TONE | PG025235 | 02/27/2026 | 3507.00 | Book |